Snatak samajtatta parichaya (Record no. 143)

MARC details
000 -LEADER
fixed length control field 00469cam a2200181ua 4500
008 - FIXED-LENGTH DATA ELEMENTS--GENERAL INFORMATION
fixed length control field 110322n ii |||gr||||Z||||||asm
040 ## - CATALOGING SOURCE
Transcribing agency MAIN
082 ## - DEWEY DECIMAL CLASSIFICATION NUMBER
Classification number 301
100 ## - MAIN ENTRY--PERSONAL NAME
Personal name Bhuyan, Deben Chandra,
Relator term
245 1# - TITLE STATEMENT
Title Snatak samajtatta parichaya
Statement of responsibility, etc. by Deben Chandra Bhuyan
250 ## - EDITION STATEMENT
Edition statement 4th.
260 ## - PUBLICATION, DISTRIBUTION, ETC.
Place of publication, distribution, etc. Dibrugarh:
Name of publisher, distributor, etc. Banalata,
Date of publication, distribution, etc. 2001.
300 ## - PHYSICAL DESCRIPTION
Extent vii, 382p.:
Dimensions 22cm.
700 ## - ADDED ENTRY--PERSONAL NAME
Personal name Nath, Ananda Chandra,
Relator term
942 ## - ADDED ENTRY ELEMENTS (KOHA)
Koha item type Books
653 ## - INDEX TERM--UNCONTROLLED
Uncontrolled term Sociology
Holdings
Withdrawn status Lost status Damaged status Not for loan Home library Current library Shelving location Date acquired Total Checkouts Full call number Barcode Date last seen Date last checked out Copy number Price effective from Koha item type
        Central Library, Naharkatiya College Central Library, Naharkatiya College General Stacks 19/09/2020 1 301 | BHU 17117 11/12/2021 22/11/2021 1 19/09/2020 Books

Naharkatiya College © 2020. All rights reserved.

Powered By